LEADER 00963nam a2200241 u 4500 001 000000081565 003 CaOOAMICUS 005 20070226123753.0 008 050324s1951 it u000 u ita u 035 $a11035946 040 $aPUL(R)$bita 245 00$aConfessioni di scrittori :$binterviste con se stessi. 260 $aTorino :$bEdizioni radio italiana,$c1951. 300 $a106 p. ;$c23 cm 490 1 $aQuaderni della radio ;$v11 650 4$aLetteratura italiana.$0(OLS)http://pul/subject/5283 700 1 $aPiccioni, Leone.$0(OLS)http://pul/name/54349 830 0$aQuaderni della radio ;$v11.$0(OLS)http://pul/title/23337 850 $aPUL 852 $aPUL$W1$xDP1 Fondo Cecchetti$y53$m260 B 85$j104015$nBK-PRI$qFondi$B104015$CPULBib$Z2$F104015 $81 941 1 $a1 996 $6245$aConfessioni di scrittori :$binterviste con se stessi$9(OLS)http://pul/title/106656 996 $6260$aTorino :$bEdizioni radio italiana$9(OLS)http://pul/publisher/76044 LEADER 01303nam a2200265 a 4500 001 000000159890 003 CaOOAMICUS 005 20170404122151.0 008 170404s1965 au m 001 u ger r 032 $aLibriCat 040 $aPUL$bita 100 1 $aSirovic, Franz,$csac.$0(OLS)http://pul/name/102279 245 14$aDer Begriff "Affectus" und die Willenslehre beim hl. Bonaventura :$beine analytisch-synthetische Untersuchung /$cvon P. Franz Sirovic SVD. 260 $aWien :$b[s.n.],$c1965. 300 $a120 p. ;$c23 cm. 502 $aTesi -- Pontificia Universitas Gregoriana. Facultas philosophica. 1965. 504 $aBibliografia in nota. 600 04$aBonaventura,$cs., card.,$dc. 1217-1274$xCritica e interpretazione.$0(OLS)http://pul/subject/3153 710 2 $aPontificia Universitą Gregoriana.$bFacoltą di filosofia.$kTesi.$0(OLS)http://pul/name/82053 850 $aPUL 852 $aPUL$W1$xDP1 Tesi Pon. Univ. Gregoriana$y40$mTH PUG 1607$j183473$qTesi$B186679$CPULBib$Z2$F186679 $H25743 $82 941 1 $a16 996 $6245$aDer Begriff "Affectus" und die Willenslehre beim hl. Bonaventura :$beine analytisch-synthetische Untersuchung$9(OLS)http://pul/title/199519 996 $6260$aWien :$b[s.n.]$9(OLS)http://pul/publisher/60617